| 000 | 00364nam a2200133Ia 4500 | ||
|---|---|---|---|
| 008 | 191014s9999 xx 000 0 und d | ||
| 020 | _a0-19-851730-0 | ||
| 082 |
_a530.13 _bYEO |
||
| 100 |
_aJ. M. Yeomans _920416 |
||
| 245 | 0 | _aStatistical Mechanics of Phase Transitions | |
| 260 |
_aNew York _bOxford University Press _c1997 |
||
| 300 | _aX,153 | ||
| 942 | _cBK | ||
| 999 |
_c530998 _d530998 |
||